| 000 | 00873na a2200289 4500 | ||
|---|---|---|---|
| 001 | 21778 | ||
| 003 | MIRAKIL | ||
| 005 | 20181226092843.0 | ||
| 008 | 170215b tu n0 0 0 | ||
| 035 | _a20919 | ||
| 040 |
_aMilas _btur _cTR-AnCHP |
||
| 041 | _atur | ||
| 082 |
_a050 _b3D 1994-1995 |
||
| 090 | _a050 DER 8 | ||
| 222 | _a3D | ||
| 245 |
_a3D _bDemokrasi Değişim Dayanışma |
||
| 246 | _a3D Demokrasi Değişim Dayanışma dergisi | ||
| 246 | _a3D dergisi | ||
| 260 |
_aAnkara _b3D yayıncılık _c1994-1995 |
||
| 300 |
_ac. _brnk. res. _c28 sm. |
||
| 362 | _a1. sayı (Ekim 1994)- | ||
| 500 | _aMevcut sayılar: (1) Ekim 1994; (2) Kasım 1994; (3) Aralık 1994; (5) Şubat 1995 | ||
| 500 | _aSiyasi dergi | ||
| 650 |
_aSiyaset ve yönetim _xSüreli yayınlar |
||
| 651 |
_aTürkiye _xSiyaset ve yönetim _ySüreli yayınlar |
||
| 942 |
_2ddc _cSER |
||
| 999 |
_c11373 _d11373 |
||